00730cam a22002171 450000100060000000300080000600500170001400800390003103500190007004000320008904100080012108200250012910000340015424500740018826000360026230000380029850400500033665000360038665000480042265000420047015748BD-RjUL20211208235859.0140210t1967 nyua b 001 0 eng a(BD-RjUL)15803 aDLCcDLCdDLCdBD-RjULbeng aeng00a658.800182bKIQ 19671 aKing, William Richard,d1938-10aQuantitative analysis for marketing management /cby William R. King. aNew York :bMcGraw-Hill,cc1967 axviii, 574 p. :billus. ;c23 cm. aIncludes bibliographical reference and index. 0aMarketingxMathematical models. 0aMarketingxManagementxMathematical models. 0aDecision makingxMathematical models.